|
|
|
|
| LEADER |
00000cam a2200000 7i4500 |
| 001 |
0000002978 |
| 005 |
20040329.0 |
| 020 |
0 |
0 |
|a 9839592319
|
| 090 |
0 |
0 |
|a RP 584.93095951
|b PLA 1995
|
| 245 |
0 |
0 |
|a PLANTING and utilization of bamboo in Peninsular Malaysia
|c by Abd. Razak Othman ... [et al.]
|
| 260 |
0 |
0 |
|a Kuala Lumpur $b Institut Penyelidikan Perhutanan Malaysia ,
|c 1995
|
| 300 |
|
|
|a xii, 117 p. :
|b col. ill. ;
|c 23 cm.
|
| 440 |
0 |
0 |
|a Research pamphlet ; no. 118
|
| 500 |
0 |
0 |
|a Includes index
|
| 650 |
0 |
0 |
|a Bamboo
|x Growth
|
| 650 |
0 |
0 |
|a Bamboo
|z Malaysia
|
| 700 |
0 |
1 |
|a Abdul Razak Othman
|
| 710 |
1 |
1 |
|a Institut Penyelidikan Perhutanan Malaysia (FRIM)
|
| 998 |
|
|
|a JPSM
|
| 999 |
|
|
|a 0000005250
|b Monograph
|c Open Shelf
|e Default branch
|
| 999 |
|
|
|a 0000005251
|b Monograph
|c Open Shelf
|e Default branch
|
| 999 |
|
|
|a 0000005252
|b Monograph
|c Open Shelf
|e Default branch
|